<?xml version="1.0" encoding="UTF-8"?>
<collection xmlns="http://www.loc.gov/MARC21/slim">
 <record>
  <leader>     na                 </leader>
  <controlfield tag="001">INLIS000000000009535</controlfield>
  <controlfield tag="005">20221110012800</controlfield>
  <datafield tag="035" ind1=" " ind2=" ">
   <subfield code="a">0010-0520009535</subfield>
  </datafield>
  <controlfield tag="008">221110                |          | ind  </controlfield>
  <datafield tag="020" ind1=" " ind2=" ">
   <subfield code="a">9789793580852</subfield>
  </datafield>
  <datafield tag="041" ind1=" " ind2=" ">
   <subfield code="a">ind</subfield>
  </datafield>
  <datafield tag="082" ind1=" " ind2=" ">
   <subfield code="a">657.61</subfield>
  </datafield>
  <datafield tag="084" ind1=" " ind2=" ">
   <subfield code="a">657.61 IKH p</subfield>
  </datafield>
  <datafield tag="100" ind1="0" ind2=" ">
   <subfield code="a">Ikhwan Fahrojih</subfield>
  </datafield>
  <datafield tag="245" ind1="1" ind2=" ">
   <subfield code="a">Pengawasan Keuangan Negara :</subfield>
   <subfield code="b">Pemeriksaan Keuangan Negara Melalui Auditor Internal Dan Eksternal Serta DPR /</subfield>
   <subfield code="c">Ikhwan Fahrojih</subfield>
  </datafield>
  <datafield tag="250" ind1=" " ind2=" ">
   <subfield code="a">Cet. 1</subfield>
  </datafield>
  <datafield tag="260" ind1=" " ind2=" ">
   <subfield code="a">Malang :</subfield>
   <subfield code="b">Intrans Publishing,</subfield>
   <subfield code="c">2016</subfield>
  </datafield>
  <datafield tag="300" ind1=" " ind2=" ">
   <subfield code="a">xxiv, 144 hlm.; 23 cm ;</subfield>
   <subfield code="c">23 cm</subfield>
  </datafield>
  <datafield tag="504" ind1=" " ind2=" ">
   <subfield code="a">Hlm. 140-143</subfield>
  </datafield>
  <datafield tag="520" ind1=" " ind2=" ">
   <subfield code="a">Pengelolaan keuangan negara menempati posisi penting dalam kehidupan bernegara, karena sangat terkait dengan kemampuan negara dalam mewujudkan tujuan bernegara. Bila pengelolaan keuangan negara sarat dengan penyalahgunaan dan KKN, maka pengalaman bangsa Indonesia telah cukup memberikan pelajaran yang pahit, bahwa hal demikian akan menyebabkan keterpurukan dan menjauhkan bangsa Indonesia dari cita-cita (staatsidee) luhurnya. Buku ini membahas sistem pengawasan keuangan negara dan problem-problemnya selama ini. Buku ini juga secara teoritis tetapi juga merunut dari silang sengkarut pengawasan keuangan negara dan politik hukumnya dari pemerintahan Orde Lama, Orde Baru, sampai era reformasi. Buku ini juga dilengkapi dengan tawaran-tawaran solutif bagi problem pengawasan keuangan Negara di Indonesia. Buku ini diharapkan dapat menjadi salah satu referensi untuk melihat sejauhmana perkembangan reformasi di bidang pengelolaan dan pengawasan keuangan negara, serta untuk menyusun agenda perubahan ke depan agar tidak jalan di tempat atau bahkan mundur ke belakang.</subfield>
  </datafield>
  <datafield tag="650" ind1=" " ind2="4">
   <subfield code="a">Keuangan negara-Pengawasan</subfield>
  </datafield>
  <datafield tag="650" ind1=" " ind2="4">
   <subfield code="a">Finance, public-Indonesia-Accounting</subfield>
  </datafield>
  <datafield tag="990" ind1=" " ind2=" ">
   <subfield code="a">25538/MKRI-P/II-2017</subfield>
  </datafield>
  <datafield tag="990" ind1=" " ind2=" ">
   <subfield code="a">25539/MKRI-P/II-2017</subfield>
  </datafield>
  <datafield tag="990" ind1=" " ind2=" ">
   <subfield code="a">25537/MKRI-P/II-2017</subfield>
  </datafield>
  <datafield tag="990" ind1=" " ind2=" ">
   <subfield code="a">25540/MKRI-P/II-2017</subfield>
  </datafield>
  <datafield tag="990" ind1=" " ind2=" ">
   <subfield code="a">25540/MKRI-P/II-2017</subfield>
  </datafield>
  <datafield tag="990" ind1=" " ind2=" ">
   <subfield code="a">25538/MKRI-P/II-2017</subfield>
  </datafield>
  <datafield tag="990" ind1=" " ind2=" ">
   <subfield code="a">25539/MKRI-P/II-2017</subfield>
  </datafield>
  <datafield tag="990" ind1=" " ind2=" ">
   <subfield code="a">25537/MKRI-P/II-2017</subfield>
  </datafield>
  <datafield tag="990" ind1=" " ind2=" ">
   <subfield code="a">25539/MKRI-P/II-2017</subfield>
  </datafield>
  <datafield tag="990" ind1=" " ind2=" ">
   <subfield code="a">25538/MKRI-P/II-2017</subfield>
  </datafield>
  <datafield tag="990" ind1=" " ind2=" ">
   <subfield code="a">25537/MKRI-P/II-2017</subfield>
  </datafield>
  <datafield tag="990" ind1=" " ind2=" ">
   <subfield code="a">25540/MKRI-P/II-2017</subfield>
  </datafield>
  <datafield tag="990" ind1=" " ind2=" ">
   <subfield code="a">25537/MKRI-P/II-2017</subfield>
  </datafield>
  <datafield tag="990" ind1=" " ind2=" ">
   <subfield code="a">25538/MKRI-P/II-2017</subfield>
  </datafield>
  <datafield tag="990" ind1=" " ind2=" ">
   <subfield code="a">25539/MKRI-P/II-2017</subfield>
  </datafield>
  <datafield tag="990" ind1=" " ind2=" ">
   <subfield code="a">25540/MKRI-P/II-2017</subfield>
  </datafield>
  <datafield tag="990" ind1=" " ind2=" ">
   <subfield code="a">25538/MKRI-P/II-2017</subfield>
  </datafield>
  <datafield tag="990" ind1=" " ind2=" ">
   <subfield code="a">25539/MKRI-P/II-2017</subfield>
  </datafield>
  <datafield tag="990" ind1=" " ind2=" ">
   <subfield code="a">25537/MKRI-P/II-2017</subfield>
  </datafield>
  <datafield tag="990" ind1=" " ind2=" ">
   <subfield code="a">25540/MKRI-P/II-2017</subfield>
  </datafield>
 </record>
</collection>
